| 000 | 00593nam a2200217Ii 4500 | ||
|---|---|---|---|
| 003 | JO-AjNU | ||
| 008 | 230606s9999||||xx |||||||||||||| ||und|| | ||
| 020 | _a978-1-119-78223-0 | ||
| 040 |
_aJO-AjNU _beng _erda _cJO-AjNU |
||
| 041 | _aeng | ||
| 050 | 1 | 4 | _aQA76.585.B52 2021 |
| 100 | 3 |
_aBinnie, Chris, Rory McCune, _eauthor _96492 |
|
| 245 | 0 | 0 | _aCloud Native Security |
| 250 | _a1ed | ||
| 264 | 3 | 1 | _aCanada: Willy,2021 |
| 300 | _a307p | ||
| 336 |
_atext _btxt _2rdacontent |
||
| 337 |
_aunmediated _bn _2rdamedia |
||
| 338 |
_avolume _bnc _2rdacarrier |
||
| 650 | 4 |
_aCloud-Security _96493 |
|
| 999 |
_aE3370 _c3366 _d3366 |
||